000
00326 a2200157 4500
001
188117
020
_a
040
_c
Magnum
100
_a
Santos, Paulo Roberto Dos
240
1
0
_a
O sítio do vovô
_l
por
245
1
0
_a
O sítio do vovô
300
_a
42
362
0
_a
2007
697
_a
LITERATURA INFANTO
942
_c
BK
999
_c
188117
_d
188117